Simpson's dBase tips and tricks

Bibliographic Details
Main Author: Simpson, Alan
Format: Book
Language:English
Published: Singapore : Tech Publications , c1987
Subjects:

MARC

LEADER 00000cam a2200000 7i4500
001 0000001206
005 20230510.0
008 991125 si eng
020 |a 9971848031 
040 |a INS 
090 0 0 |a QA76.9.D3   |b .S6131 1987 
100 1 |a Simpson, Alan 
245 1 0 |a Simpson's dBase tips and tricks   |c Alan Simpson 
260 |a Singapore :   |b Tech Publications ,   |c c1987 
300 |a xx, 420 p. :   |b ill. ;   |c 23 cm. 
500 |a Includes index 
650 0 0 |a Dbase 111 Plus   |x (Computer program) 
999 |a 0000003250   |b BOOK   |c Open Shelf   |e Default branch